Transitions (Student's book); T1

Wedi'i Gadw mewn:
Manylion Llyfryddiaeth
Prif Awdur: Linda Lee
Fformat: Llyfr
Iaith:Undetermined
Cyhoeddwyd: Oxford Oxford Univ. Press 1998
Pynciau:
Tagiau: Ychwanegu Tag
Dim Tagiau, Byddwch y cyntaf i dagio'r cofnod hwn!
Thư viện lưu trữ: Trung tâm Học liệu Trường Đại học Cần Thơ
LEADER 00570nam a2200193Ia 4500
001 CTU_42308
008 210402s9999 xx 000 0 und d
020 |b 59.000đ 
082 |a 428.24 
082 |b L479s/T1 
100 |a Linda Lee 
245 0 |a Transitions (Student's book); T1 
245 0 |c Linda Lee 
260 |a Oxford 
260 |b Oxford Univ. Press 
260 |c 1998 
650 |a english language - study and teaching,english language - textbooks for foreign speakers 
904 |i Minh, 010720 
980 |a Trung tâm Học liệu Trường Đại học Cần Thơ